000 00362nam a2200133Ia 4500
005 20260328104327.0
008 260328s9999||||xx |||||||||||||| ||und||
100 _aCalvo, Ana Maria
245 0 _aPolíticas y gestión para la Sostenibilidad del Patrimonio Urbano /
_cAna Maria Calvo
260 _bCeja
300 _a171 p.
650 _aURBANISMO
942 _cBK
999 _c11582
_d11582